=LDR 00000nam 2200000 4500 =001 INLIS000000000032572 =005 20130612134555 =008 ***********************************ind** =035 ##$$a0010-061300000032572 =041 ##$$a ind =082 ##$$a 646.72 =090 ##$$a 646.72, wal s =100 ##$$a Astri Lestari Wahyunuingsih =245 ##$$a The Host, Sang Pengelana, Stiphenie Meyer ; alih bahasa, Lagrid Dwiyani Nepono ; editor' Rosi L. Simamora =260 ##$$a 2009 $b =300 ##$$aaJakarta =650 ##$$a 770 hlm, 23 cm =700 ##$$a Fiksi Dewasa =850 ##$$a Nepono, Ingrid Dwiyani =990 ##$$a 21400613/BPAP-NTB/20142014 =990 ##$$a 0001/BPAP-NTB/20142014